01550nam a2200325 a 4500952015000000999001700150001000800167003000900175005001700184008004100201010001700242020002700259025001300286040002800299043001200327050002400339082001500363111012800378245020800506260009600714300006500810500005400875504004100929650008300970650005401053700001901107740004101126906004501167942001201212 00102ddc40708NFICaASLbASLcGENd2021-06-21eDonated by Prof. S. M. H. Kabirl0o363.7 PROp109781r2021-06-21 00:00:00tC-1w2021-06-21yBK c25091d250911538782BDDh-ASL20231015030439.0900524s1988 bg af b f100 0 eng  a 90901814  cTk200.00 ($10.00 U.S.) aB E 5409 aDLCcDLCdDLCdBDDh-ASL aa-bg---00aTD195.C45bN38 1988 a363.7bPRO2 aNational Symposium on Monitoring of Environmental Systems of Chemical Industries in Bangladeshd(1988 :cDhaka, Bangladesh)10aProceedings of the National Symposium on Monitoring of Environmental Systems of Chemical Industries in Bangladesh, held at BCIC Bhaban, Dilkusha, Dhaka, 30 January-4 February 1988 /ceditor, S.Z. Haider. aDhaka, Bangladesh :bBose Centre for Advanced Study and Research, Dhaka University,c[1988] axii, 245 p., [12] p. of plates :bill. (some col.) ;c25 cm. aSpine title: Monitoring of environmental systems. aIncludes bibliographical references. 0aChemical industryxEnvironmental aspectszBangladeshxMeasurementxCongresses. 0aEnvironmental monitoringzBangladeshxCongresses.1 aHaider, S. Z. 0 aMonitoring of environmental systems. a7bcbccorignewd3encipf19gy-gencatlg 2ddccBK